A comprehensive grammar of the English language
Saved in:
| Main Authors: | , , , |
|---|---|
| Format: | Bog |
| Sprog: | engelsk |
| Udgivet: |
Londres
Longman
1985
|
| Fag: | |
| Tags: |
Tilføj Tag
Ingen Tags, Vær først til at tagge denne postø!
|
MARC
| LEADER | 00000cam a2200000 a 4500 | ||
|---|---|---|---|
| 001 | UCW8765 | ||
| 003 | CL-VaPUC | ||
| 008 | 881026e19850000UK |||||||||||||||||eng|d | ||
| 020 | |a 9780582517349 | ||
| 082 | 0 | 4 | |a 428.5 |b QUI |2 21 |
| 100 | 0 | |a Quirk, Randolph |e author |9 314025 | |
| 700 | |a Greenbaum, Sidney |e author |9 417857 | ||
| 700 | |a Leech, Geoffrey N |e author |9 464882 | ||
| 700 | 0 | |a Svartvik, Jan |e author |9 314028 | |
| 245 | 1 | 2 | |a A comprehensive grammar of the English language |
| 300 | |a 1779 p | ||
| 942 | |c BK | ||
| 945 | |d 19881026 00:00:00 | ||
| 260 | |a Londres |b Longman |c 1985 | ||
| 650 | 0 | |a Inglés |9 260023 | |
| 650 | 0 | |a Gramática |9 270497 | |
| 583 | |a last modification |c 20111104 11:02:27 |k Rodrigo Vera | ||
| 999 | |c 221041 |d 221039 | ||
| 952 | |0 0 |1 0 |4 0 |6 428_500000000000000_QUI_1985 |7 0 |8 A |9 213959 |a FDOPOS |b FDOPOS |d 2019-11-15 |i 282311K |o 428.5 QUI 1985 |p 282311K |r 2025-01-22 |w 2019-11-15 |y BK |k MLA | ||
| 952 | |0 0 |1 0 |4 0 |6 428_500000000000000_QUI_1985 |7 0 |8 A |9 213960 |a FDOPOS |b FDOPOS |d 2019-11-15 |i 4793595 |o 428.5 QUI 1985 |p 4793595 |r 2025-01-22 |w 2019-11-15 |y BK |k DLA | ||